Записки Ф. П. Гааза о своей деятельности в Московском комитете попечительства о тюрьмах

Доступно только в Электронных читальных залах Найти на картеНа карте
RUSMARC
00003688nac2a22002531x 450
0019ab6b6ac-8aba-4b6b-8037-56f135d072b3
00520131219124556.0
100##$a20130529l18831841k y0rusy50 ca
1010#$arus
102##$aRU
105##$ay z |||||
2001#$aЗаписки Ф. П. Гааза о своей деятельности в Московском комитете попечительства о тюрьмах
$j1883-1841
215##$a32 листа
251##$cДело
300##$aРукописный текст
330##$aДокументальные материалы, отложившиеся в результате творческой деятельности А. Ф. Кони; Документальные материалы, собранные А. Ф. Кони для своих работ; О Ф. П. Гаазе
461#0$10013a54f2e3-e9cf-409b-80fa-f0a9bd3c40cb
$12001
$aКони Анатолий Федорович, юрист, литератор, член академии наук, председатель Санкт-Петербургского окружного суда, член государственного совета
$1251
$cФонд
$1852
$j564
462#0$100178a475cd-a47d-4377-bff3-cee4b81de655
$12001
$aОпись дел фонда А. Ф. Кони за 1880-1931 гг.
$1251
$cОпись
$1852
$j1
600#1$aКони
$bА. Ф.
$f1844-1927
$gАнатолий Федорович
600#1$aГааз
$bФ. П.
60102$aМосковский комитет попечительства о тюрьмах
801#0$aRU
$bGA_RF
801#1$aRU
$bНПО Опыт
$c20130529
$2rusmarc
801#2$aRU
$bПБ им. Б.Н. Ельцина
$c20131219
$gRCR
$2rusmarc
852##$aГА РФ
$j274
937##$d42312860
$hПБ
035##$aRuPRLIB51002678
Формат отображения